000
00336nam a22001457a 4500
008
210301b ||||| |||| 00| 0 eng d
020
_a
1567931251
041
_a
eng
080
_a
338
082
_a
338
100
_a
53
101
_a
MEN
245
_a
Cases in Organization Design and Decision Making
_c
Bender, D.E
942
_2
udc
_c
BK
999
_c
55351
_d
55351